| 000 | 01213cam a2200313 a 4500 | ||
|---|---|---|---|
| 001 | 4770934 | ||
| 003 | NUST-PNEC | ||
| 005 | 20170116180723.0 | ||
| 008 | 861112s1987 nyua eb 001 0 eng | ||
| 010 | _a 86027422 | ||
| 020 | _a0070792925 (set) : | ||
| 040 | _cPNEC | ||
| 050 | 0 | 0 |
_aQ121 _b.M3 1987 |
| 082 | 0 | 0 |
_a503.21 MCG _219 |
| 100 |
_9851 _aMcGraw-Hill |
||
| 245 | 0 | 0 |
_aMcGraw-Hill encyclopedia of science & technology, Volume. 4 (Cli - Cyt) _cMcGraw-Hill _ban international reference work in twenty volumes including an index. |
| 250 | _a6th ed. | ||
| 260 |
_aNew York : _bMcGraw-Hill, _cc1987. |
||
| 300 |
_a20 v. 659 p. : _bill. ; _c29 cm. |
||
| 500 | _ahttp://www.amazon.com/McGraw-Hill-Encyclopedia-Science-Technology-20v/dp/0070792925/ref=sr_1_1?s=books&ie=UTF8&qid=1414475101&sr=1-1&keywords=0070792925 | ||
| 504 | _aIncludes bibliographies and indexes. | ||
| 650 | 0 |
_aScience _xEncyclopedias. |
|
| 650 | 0 |
_aTechnology _xEncyclopedias. |
|
| 740 | 0 | _aMcGraw-Hill encyclopedia of science and technology. | |
| 740 | 0 | _aEncyclopedia of science & technology. | |
| 740 | 0 | _aEncyclopedia of science and technology. | |
| 906 |
_a7 _bcbc _corignew _d1 _eocip _f19 _gy-gencatlg |
||
| 942 |
_2ddc _cBK |
||
| 999 |
_c61467 _d61467 |
||